[Event "IFPX Categoria A"]
[Site "Sao Paulo BRA"]
[Date "2010.02.27"]
[Round "6"]
[White "D'Israel,D"]
[Black "Marra,E"]
[Result "0-1"]
[WhiteElo "2240"]
[BlackElo "2268"]

1.d4 Nf6 2.c4 e6 3.Nf3 b6 4.g3 Ba6 5.Nbd2 Bb4 6.Qc2 Bb7 7.Bg2 c5 8.d5 exd5
9.Nh4 O-O 10.O-O Re8 11.Nf5 Qc7 12.Nf3 Ba6 13.Bf4 Qd8 14.a3 Ba5 15.b4 cxb4
16.axb4 Bxb4 17.Bxb8 Bxc4 18.Qb2 Rxb8 19.Qxb4 a5 20.Qd6 Ne4 21.Qa3 Qf6 22.N5d4 Ra8
23.Rfb1 Reb8 24.Nb5 g5 25.Qb2 Qc6 26.Nfd4 Qf6 27.Bxe4 dxe4 28.Qd2 Qe5 29.Qe3 f6
30.Ra3 Rc8 31.f4 exf3 32.exf3 Qc5 33.Kg2 Re8 34.Qc3 Re5 35.f4 Re4 36.Rc1 Rc8
37.Qd2 Qd5 38.Kg1 Rc5 39.Qg2 Bxb5 40.Rxc5 Qxd4+  0-1

[Event "TCh-ISL 2009-10"]
[Site "Rekjavik ISL"]
[Date "2010.03.05"]
[Round "6"]
[White "Thorsteinsdottir,G"]
[Black "Larusson,P"]
[Result "1-0"]
[WhiteElo "2082"]
[BlackElo "2125"]

1.d4 Nf6 2.c4 e6 3.Nf3 b6 4.g3 Ba6 5.Qc2 c5 6.Bg2 Nc6 7.dxc5 Bxc5 8.a3 Bb7
9.O-O O-O 10.Nc3 Qc8 11.Bf4 Nh5 12.Bd2 Nd4 13.Nxd4 Bxg2 14.Nxe6 Bxf1 15.Nxf8 Bxf8
16.Rxf1 Qxc4 17.Qf5 Nf6 18.Bg5 Bxa3 19.Bxf6 gxf6 20.Qf3 Rc8 21.Nd5 Bxb2 22.Ne7+ Kf8
23.Nxc8 Qxc8 24.Rd1 Qc6 25.Qf5 Kg7 26.Rxd7 a5 27.Qg4+ Kf8 28.Rd8+ Ke7 29.Rc8 Qe6
30.Qg8 Kd6 31.Qd8+ Ke5 32.Qc7+  1-0

[Event "TCh-NED 2009-10"]
[Site "Netherlands NED"]
[Date "2010.03.06"]
[Round "7"]
[White "Van Gisbergen,S"]
[Black "Ikonnikov,Vy"]
[Result "0-1"]
[WhiteElo "2307"]
[BlackElo "2558"]

1.d4 Nf6 2.c4 e6 3.Nf3 b6 4.g3 Ba6 5.b3 Bb4+ 6.Bd2 Be7 7.Bg2 c6 8.O-O d5
9.Ne5 O-O 10.Bc3 Nfd7 11.Nxd7 Nxd7 12.Nd2 f5 13.a4 Rc8 14.Qc2 Qe8 15.Qa2 Nf6
16.Nf3 Ne4 17.Be1 Bf6 18.a5 b5 19.cxd5 cxd5 20.Bb4 Rf7 21.Rfc1 Rfc7 22.Qb2 Be7
23.Bxe7 Qxe7 24.b4 h6 25.Ne5 Nd6 26.Nd3 Nc4 27.Qc3 Rf8 28.e3 Qd6 29.Bf1 Bb7
30.Nc5 Bc6 31.Re1 g5 32.f3 Rg7 33.Rad1 h5 34.e4 fxe4 35.fxe4 h4 36.e5 Qe7
37.Be2 Bd7 38.Bg4 Bc8 39.Rf1 hxg3 40.Rxf8+ Kxf8 41.Qxg3 Kg8 42.Rf1 Rf7 43.Bh5 Rxf1+
44.Kxf1 Qf8+ 45.Kg2 Qh6 46.Be8 g4 47.Qf2 Ne3+ 48.Kg1 Nf5 49.Bxb5 Qc1+ 50.Bf1 Qa1
51.a6 Nxd4 52.Qf6 Nf3+ 53.Kf2 Qe1+ 54.Kg2 Qd2+ 55.Kg3 Qxh2+ 56.Kxg4 Nxe5+
57.Kg5 Qg3+ 58.Kh5 Qg4+  0-1

[Event "ch-BUL U20 Girls"]
[Site "Sofia BUL"]
[Date "2010.03.08"]
[Round "1"]
[White "Venkova,P"]
[Black "Todorova,K"]
[Result "0-1"]
[WhiteElo "1818"]
[BlackElo "1786"]

1.d4 Nf6 2.c4 e6 3.Nf3 b6 4.g3 Ba6 5.b3 Bb4+ 6.Bd2 Bxd2+ 7.Nbxd2 d5 8.Bg2 Nbd7
9.Ne5 Nxe5 10.dxe5 Ng4 11.Qc1 Nxe5 12.Qc3 Qf6 13.O-O O-O 14.cxd5 Bxe2 15.Rfc1 exd5
16.Bxd5 Rad8 17.Bg2 Rd3 18.Ne4 Qf5 19.Qxc7 Nf3+ 20.Bxf3 Bxf3  0-1

[Event "JNBS UWI Masters"]
[Site "Kingston JAM"]
[Date "2010.03.16"]
[Round "3"]
[White "Zivanic,M"]
[Black "Joseph,M"]
[Result "1-0"]
[WhiteElo "2490"]
[BlackElo "2166"]

1.d4 Nf6 2.c4 e6 3.Nf3 b6 4.g3 Ba6 5.Nbd2 Bb4 6.Qc2 O-O 7.Bg2 d5 8.O-O c5
9.dxc5 Bxc5 10.a3 Bb7 11.b4 Be7 12.Bb2 Nbd7 13.Rac1 Rc8 14.Nd4 a5 15.Qa4 Ra8
16.Qb3 axb4 17.axb4 dxc4 18.Nxc4 Bxg2 19.Kxg2 Rc8 20.Rfd1 Nd5 21.b5 Bc5 22.e4 N5f6
23.Nc6 Qc7 24.N4e5 Qb7 25.Nxd7 Nxd7 26.Ra1 Ra8 27.Qc3 Nf6 28.Qf3 Be7 29.Bxf6 Bxf6
30.e5 Rxa1 31.Rxa1 Bd8 32.Ra7 Qc8 33.Qa3 Re8 34.Ra8 Qd7 35.Qd6  1-0

[Event "TCh-AUT 2009-10"]
[Site "Baden AUT"]
[Date "2010.03.20"]
[Round "11"]
[White "Pinter,J"]
[Black "Schlosser,P"]
[Result "0-1"]
[WhiteElo "2570"]
[BlackElo "2556"]

1.d4 Nf6 2.c4 e6 3.Nf3 b6 4.g3 Ba6 5.b3 Bb4+ 6.Bd2 Be7 7.Nc3 d5 8.cxd5 exd5
9.Bg2 O-O 10.O-O Bb7 11.Rc1 Nbd7 12.Bf4 c6 13.Qc2 Re8 14.Rfd1 Nf8 15.Be5 N8d7
16.Bf4 Nf8 17.Qb2 Ne6 18.Rc2 Nxf4 19.gxf4 Bd6 20.e3 Qe7 21.Ne5 Rac8 22.Qc1 g6
23.Nd3 Kg7 24.Qb2 Ba6 25.Ne5 Bb7 26.Qa1 Kg8 27.Rdc1 Ba3 28.Re1 Bd6 29.a4 c5
30.Bh3 Rcd8 31.Nf3 cxd4 32.exd4 Qf8 33.Nb5 Bb8 34.Ne5 Qh6 35.Re3 Qxf4 36.Nc7 Rf8
37.Rf3 Qh4 38.Qc1 Qxd4 39.Nxf7 Rxf7 40.Be6 Rf8 41.h3 Qe5 42.Qf4 Qe1+ 43.Kg2 Kg7
44.Bxf7 Rxf7 45.Qd4 Qe4 46.Ne6+ Kh6 47.Nf4 Bxf4 48.Kg1  0-1

[Event "ch-Moscow KO"]
[Site "Moscow RUS"]
[Date "2010.03.25"]
[Round "1.2"]
[White "Reshetnikov,A"]
[Black "Dvalishvili,P"]
[Result "1/2-1/2"]
[WhiteElo "2470"]
[BlackElo "2446"]

1.d4 Nf6 2.c4 e6 3.Nf3 b6 4.g3 Ba6 5.Nbd2 c5 6.Bg2 Nc6 7.dxc5 Bxc5 8.O-O O-O
9.a3 Be7 10.b3 d5 11.b4 Bb7  1/2-1/2

[Event "26th Budapest Spring Festival"]
[Site "Budapest HUN"]
[Date "2010.03.26"]
[Round "7"]
[White "Koczo,K"]
[Black "Arsenault,N"]
[Result "1/2-1/2"]
[WhiteElo "2194"]
[BlackElo "2153"]

1.d4 Nf6 2.c4 e6 3.Nf3 b6 4.g3 Ba6 5.b3 Bb7 6.Bg2 Bb4+ 7.Bd2 a5 8.O-O O-O
9.Bg5 h6 10.Bxf6 Qxf6 11.Qd3 a4 12.Nc3 Bxc3 13.Qxc3 d6 14.b4 Qe7 15.a3 Nd7
16.Rfe1 Nf6 17.Nd2 Bxg2 18.Kxg2 c6 19.e4 Rfd8 20.e5 Ne8 21.f4 dxe5 22.dxe5 Ra7
23.Ne4 c5 24.bxc5 bxc5 25.Red1 Rad7 26.Qc2 Rd4 27.Rxd4 Rxd4 28.Rd1 Rxd1 29.Qxd1 Qb7
30.Qf3 Qb2+ 31.Kh3 Qd4 32.Qe2 Kf8 33.Qc2 Ke7 34.Kg2 g5 35.fxg5 hxg5 36.Nxg5 Qxe5
37.h4 Nf6 38.Qd2 Ng4 39.Kh3 Qf5 40.Qe2 Nf6+ 41.g4 Qf4 42.Qg2 Qxc4 43.Qb7+ Nd7
44.Nf3 Qd5 45.Qxd5 exd5 46.g5 f6 47.Kg4 fxg5 48.hxg5 Ke6 49.Kf4 Nf8 50.Ne5 c4
51.Nf3 Ng6+ 52.Ke3 Kd6 53.Kd4 Nf4 54.Kc3 Kc5 55.Nd4 Ng6 56.Nf5 Ne5 57.Nd4 Ng6
58.Nf5 Ne5 59.Nd4  1/2-1/2

[Event "ch-VIE"]
[Site "Ho Chi Minh City VIE"]
[Date "2010.03.26"]
[Round "1"]
[White "Ton That Nhu Tung"]
[Black "Dao Thien Hai"]
[Result "0-1"]
[WhiteElo "2279"]
[BlackElo "2523"]

1.d4 Nf6 2.Nf3 e6 3.c4 b6 4.g3 Ba6 5.Qa4 Bb7 6.Bg2 c5 7.O-O Qc8 8.Nc3 Be7
9.Bf4 O-O 10.Rfd1 cxd4 11.Nxd4 Bxg2 12.Kxg2 Qb7+ 13.Nf3 Rc8 14.Kg1 a6 15.Bd6 Bxd6
16.Rxd6 Nc6 17.Rad1 b5 18.cxb5 axb5 19.Qh4 Ne7 20.Qb4 Ned5 21.Qxb5 Qxb5 22.Nxb5 Rxa2
23.e4 Nxe4 24.Rxd7 Rxb2 25.Nd6 Nxd6 26.Rxd6 h6 27.Rd2 Rxd2 28.Nxd2 Rc1+ 29.Kg2 Rc2
30.Nb3 g5 31.h3 Kg7 32.Na5 h5 33.Rc6 Ra2 34.Nc4 Kf6 35.Kf3 g4+ 36.hxg4 hxg4+
37.Kg2 Ke7 38.Kg1 f5 39.Nb6 Nf6 40.Rc7+ Kd6 41.Ra7 Rxa7 42.Nc8+ Kc5 43.Nxa7 Nd5
44.f3 Ne7  0-1

[Event "ch-Moscow KO"]
[Site "Moscow RUS"]
[Date "2010.03.27"]
[Round "2.1"]
[White "Baikov,V"]
[Black "Grigoriants,S RUS"]
[Result "1/2-1/2"]
[WhiteElo "2431"]
[BlackElo "2568"]

1.d4 Nf6 2.c4 e6 3.Nf3 b6 4.g3 Ba6 5.Nbd2 d5 6.Bg2 Be7 7.O-O O-O 8.Ne5 c5
9.dxc5 Qc7 10.Ndf3 bxc5 11.b3 Nc6 12.Nxc6 Qxc6 13.cxd5 exd5 14.Qc2 Qb6 15.Bb2 Rfd8
16.Rfd1 d4 17.Ne5 Rac8  1/2-1/2

[Event "ch-VIE"]
[Site "Ho Chi Minh City VIE"]
[Date "2010.03.29"]
[Round "6"]
[White "Bao Khoa"]
[Black "Vo Dai Hoai Duc"]
[Result "0-1"]
[WhiteElo "2218"]
[BlackElo "2180"]

1.d4 Nf6 2.c4 e6 3.Nf3 b6 4.g3 Ba6 5.Qc2 Bb7 6.Bg2 c5 7.dxc5 bxc5 8.O-O Be7
9.Nc3 O-O 10.Rd1 Qb6 11.e4 d6 12.Be3 Nc6 13.h3 Rab8 14.a3 Na5 15.Nd2 Ba6
16.Na4 Qc7 17.Rab1 Rfc8 18.f4 e5 19.f5 Nc6 20.Nc3 Nd4 21.Qd3 h6 22.Rf1 Qd8
23.Kh2 Rc7 24.b4 cxb4 25.axb4 Bxc4 26.Nxc4 Rbc8 27.Bxd4 exd4 28.Nb5 Rxc4
29.Nxa7 Rc3 30.Qxd4 R8c4 31.Qg1 Qb8 32.b5 d5 33.Bf3 Bc5  0-1

[Event "21st Pobeskydi Distep Cup"]
[Site "Frydek-Mistek CZE"]
[Date "2010.04.02"]
[Round "3"]
[White "Straka,Jos"]
[Black "Vesselovsky,S"]
[Result "1/2-1/2"]
[WhiteElo "2246"]
[BlackElo "2354"]

1.d4 Nf6 2.c4 e6 3.Nf3 b6 4.g3 Ba6 5.Qa4 c5 6.Bg2 Bb7 7.dxc5 bxc5 8.O-O Be7
9.Nc3 O-O 10.Bf4 d6 11.Rfd1 Qb6 12.Rab1 Rd8 13.b4 Bc6 14.b5 Bb7 15.Qc2 Nbd7  1/2-1/2

[Event "14th Neckar-Open"]
[Site "Deizisau GER"]
[Date "2010.04.03"]
[Round "4"]
[White "Erdos,V"]
[Black "Miedema,R"]
[Result "1/2-1/2"]
[WhiteElo "2593"]
[BlackElo "2391"]

1.d4 e6 2.c4 Nf6 3.Nf3 b6 4.g3 Ba6 5.Qb3 c6 6.Bg5 Be7 7.Nc3 d5 8.cxd5 cxd5
9.Bxf6 Bxf6 10.e4 Bxf1 11.Kxf1 dxe4 12.Nxe4 O-O 13.Rc1 Nd7 14.Kg2 Rc8 15.Qa4 Rc7
16.Rc6 Qb8 17.Rhc1 Rfc8 18.Nd6 Rxc6 19.Rxc6 Rxc6 20.Qxc6 Nf8 21.Ne5 Bxe5
22.dxe5 Qd8 23.Qc8 Qd7 24.f4 Qa4 25.Qc7 Qd7 26.Qc8 Qa4 27.Qc7 Qd7 28.Qxd7 Nxd7
29.Nc8 a6 30.Kf3 g5 31.fxg5 Nxe5+ 32.Ke4 Nd7 33.h4 Kg7 34.b4 Kg6 35.g4 Kg7
36.Kd4 Kf8 37.Nd6 Ke7 38.Nb7 Nb8 39.a3 Nc6+ 40.Ke3 a5 41.bxa5 bxa5 42.a4 Ne5
43.Kf4  1/2-1/2

[Event "21st Pobeskydi Chance Cup"]
[Site "Frydek-Mistek CZE"]
[Date "2010.04.03"]
[Round "6"]
[White "Klecker,T"]
[Black "Kovac,A"]
[Result "0-1"]
[WhiteElo "2175"]
[BlackElo "2126"]

1.d4 Nf6 2.c4 e6 3.Nf3 b6 4.g3 Ba6 5.b3 Bb4+ 6.Bd2 Be7 7.Bg2 c6 8.Bc3 d5
9.Nbd2 Nbd7 10.O-O O-O 11.Re1 b5 12.e4 dxe4 13.Ne5 Qc7 14.cxb5 cxb5 15.Rc1 Rac8
16.Nxe4 Nxe4 17.Bxe4 Nf6 18.Bg2 Qb6 19.Qd2 Bb7 20.Bxb7 Qxb7 21.Bb2 Nd5 22.Nd3 h6
23.Nc5 Qa8 24.Qa5 b4 25.a3 bxa3 26.Bxa3 Rfd8 27.b4 Bf6 28.Bb2 Qb8 29.b5 Nc7
30.Ne4 Bxd4 31.Bxd4 Rxd4 32.Rc5 Qb7 33.Nc3 Rd7 34.Ra1 Rcd8 35.Rc6 Nd5 36.Ne4 Nb6
37.Nc5 Rd1+ 38.Rxd1 Rxd1+ 39.Kg2 Qe7 40.Qc3 Rb1 41.Qd3 Rb2 42.Ne4 Qb7 43.Rd6 f5
44.Rc6 fxe4 45.Qd8+ Kh7 46.Qd4 Rxb5 47.Qxe4+ Kh8 48.Qxe6 Re5 49.Qd6 Re8 50.Kf1 Qa6+
51.Kg1 Qb7 52.Rc1 Qe7 53.Qd4 Qe4 54.Qc5 Rc8 55.Qa3 Rxc1+ 56.Qxc1 Kh7 57.h4 a5
58.Qc5 Qb1+ 59.Kh2 a4 60.g4 Qg6 61.h5 Qb1 62.f4 Qb2+ 63.Kh3 Qf6 64.g5 hxg5
65.fxg5 Qe6+ 66.Kg3 Qe1+ 67.Kg4 Qe2+ 68.Kh4 Qc4+ 69.Qxc4 Nxc4 70.Kg4 a3 71.Kf5 a2
72.h6 gxh6 73.g6+ Kg7  0-1

[Event "IV Open"]
[Site "La Laguna ESP"]
[Date "2010.04.08"]
[Round "5"]
[White "Navarro Molina,D"]
[Black "Gomez,Gu"]
[Result "1-0"]
[WhiteElo "1967"]
[BlackElo "2137"]

1.d4 Nf6 2.Nf3 e6 3.c4 b6 4.g3 Ba6 5.Qc2 Be7 6.Bg2 Bb7 7.O-O c5 8.d5 exd5
9.cxd5 Bxd5 10.Nc3 Bc6 11.e4 O-O 12.e5 Ne8 13.Rd1 Nc7 14.Ne4 Ne6 15.h4 f5
16.exf6 Bxf6 17.Neg5 Bxg5 18.Nxg5 Nxg5 19.Bxg5 Qc8 20.Bh3 Qb7 21.Rd3 Na6
22.Rdd1 Rf7 23.Qb3 b5 24.Bxd7 Bh1 25.Bh3 c4 26.Qe3 Raf8 27.Rd8 h6 28.Bxh6 Qf3
29.Rxf8+ Rxf8 30.Qe6+ Kh7 31.Qg4 Kxh6 32.Qg5+ Kh7  1-0

[Event "6th TCh-CHN"]
[Site "Ningbo CHN"]
[Date "2010.04.17"]
[Round "2"]
[White "Xu Jun"]
[Black "Yu Shaoteng"]
[Result "1/2-1/2"]
[WhiteElo "2513"]
[BlackElo "2529"]

1.d4 e6 2.c4 Nf6 3.Nf3 b6 4.g3 Ba6 5.b3 Bb4+ 6.Bd2 Be7 7.Nc3 c6 8.e4 d5 9.e5 Ne4
10.Rc1 O-O 11.Bd3 Nxd2 12.Qxd2 Bb7 13.O-O Na6 14.cxd5 cxd5 15.Nb1 Nb4 16.Be2 Qd7
17.a3 Nc6 18.b4 Rac8 19.Nc3 Nb8 20.Rc2 Rc7 21.Bb5 Bc6 22.Bxc6 Rxc6 23.Rfc1 Rfc8
24.Nd1 Rxc2 25.Rxc2 Rxc2 26.Qxc2 Qc6 27.Ne3 f6 28.exf6 Qxc2 29.f7+ Kxf7 30.Nxc2 Bf6  1/2-1/2

[Event "TCh-NED 2009-10"]
[Site "Netherlands NED"]
[Date "2010.04.18"]
[Round "9"]
[White "Werle,J"]
[Black "Leenhouts,K"]
[Result "1-0"]
[WhiteElo "2563"]
[BlackElo "2409"]

1.d4 Nf6 2.c4 e6 3.Nf3 b6 4.g3 Ba6 5.Qc2 Bb7 6.Bg2 Be7 7.Nc3 O-O 8.O-O d5
9.cxd5 Nxd5 10.Rd1 Nd7 11.e4 Nxc3 12.bxc3 Rc8 13.Bf4 Nf6 14.Ne5 Qe8 15.c4 c5
16.d5 Bd6 17.Ng4 Bxf4 18.Nxf6+ gxf6 19.gxf4 e5 20.Qb2 Kh8 21.Rd3 Rg8 22.Rg3 Qe7
23.f5 Rb8 24.Kh1 Ba6 25.Bf1 Rg5 26.Be2 Bc8 27.Rag1 Rxg3 28.hxg3 Bd7 29.Kg2 Qd6
30.Rh1 Rg8 31.Rh6 Qe7 32.Qa1 Kg7 33.Qh1 Rh8 34.Qh4 a6 35.g4 b5 36.Qh2 Kg8
37.g5 fxg5 38.Rxa6 f6 39.cxb5 Kg7 40.d6 Qf7 41.Ra7  1-0

[Event "Open"]
[Site "Bar MNE"]
[Date "2010.04.23"]
[Round "8"]
[White "Blagojevic,Dr"]
[Black "Stanojevic,B"]
[Result "1-0"]
[WhiteElo "2513"]
[BlackElo "2288"]

1.d4 Nf6 2.c4 e6 3.Nf3 b6 4.g3 Ba6 5.b3 b5 6.cxb5 Bxb5 7.Bg2 d5 8.O-O c5
9.Nc3 Bc6 10.Ne5 Bb7 11.Ba3 Nbd7 12.Nxd7 Nxd7 13.e4 Qa5 14.exd5 Nf6 15.Bb2 cxd4
16.Qxd4 Rd8 17.Rfe1 Bc5 18.Qa4+ Qxa4 19.Nxa4 Bb4 20.Red1 Bxd5 21.Bxf6 gxf6
22.Bxd5 Rxd5 23.Rxd5 exd5 24.Rd1 O-O 25.Rxd5 Rc8 26.Rd4 a5 27.Rc4 Rd8 28.Rc2 f5
29.Kg2 Kg7 30.Nb2 h5 31.Nc4 h4 32.Ne3 Kg6 33.Rc6+ f6 34.gxh4 f4 35.Ng4 Kf5
36.h3 Be7 37.Ra6 Rd3 38.Rxa5+ Ke6 39.Nh2 Bd6 40.h5 Be5 41.Nf3 Kf5 42.Ra7 Ke4
43.h6 Rxf3  1-0

[Event "Venka & Antonia Ivanova Mem"]
[Site "Sofia BUL"]
[Date "2010.04.23"]
[Round "5"]
[White "Genov,Peta"]
[Black "Mladenov,P"]
[Result "1-0"]
[WhiteElo "2452"]
[BlackElo "2378"]

1.d4 Nf6 2.c4 e6 3.Nf3 b6 4.g3 Ba6 5.b3 Bb4+ 6.Bd2 Be7 7.Nc3 d5 8.cxd5 exd5
9.Bh3 O-O 10.O-O Re8 11.Re1 c5 12.Bg5 Nc6 13.dxc5 Bxc5 14.Rc1 h6 15.Bxf6 Qxf6
16.Bd7 Red8 17.Nxd5 Qd6 18.Bxc6 Rac8 19.b4 Rxc6 20.e4 Bxf2+ 21.Kxf2 Rxc1
22.Qxc1 f5 23.Qc7 fxe4 24.Ne7+ Kf7 25.Qxd6 Rxd6 26.Rxe4 g6 27.Re3 Bb7 28.Nh4 Rd2+
29.Ke1 Rxa2 30.Nexg6 Kf6 31.Nf4  1-0

[Event "ch-UKR"]
[Site "Alushta UKR"]
[Date "2010.05.08"]
[Round "6"]
[White "Reshetkov,K"]
[Black "Pavlov,Ma"]
[Result "1/2-1/2"]
[WhiteElo "2176"]
[BlackElo "2383"]

1.d4 Nf6 2.c4 e6 3.Nf3 b6 4.g3 Ba6 5.Qa4 Bb7 6.Bg2 c5 7.dxc5 bxc5 8.O-O Be7
9.Nc3 O-O 10.Rd1 d6 11.a3 a6 12.Bf4 Qc7 13.Rac1 h6 14.Qc2 Rd8 15.Na4 Nh5
16.Bd2 f5 17.b4 Nd7 18.Ne1 Bxg2 19.Nxg2 Ndf6 20.Nb2 Ne4 21.Be3 Ng5 22.Bxg5 Bxg5
23.Rb1 cxb4 24.axb4 d5 25.Qb3 dxc4 26.Nxc4  1/2-1/2

[Event "ch-Commonwealth"]
[Site "Delhi IND"]
[Date "2010.05.10"]
[Round "2"]
[White "Sachdev,T"]
[Black "Devangi,P"]
[Result "1-0"]
[WhiteElo "2398"]
[BlackElo "2114"]

1.d4 Nf6 2.c4 e6 3.Nf3 b6 4.g3 Ba6 5.Qc2 b5 6.cxb5 Bxb5 7.Nc3 Ba6 8.Bg2 d5
9.b4 c6 10.a3 Nbd7 11.O-O Bd6 12.Rd1 O-O 13.Bb2 Bb7 14.Na4 a5 15.Nc5 Bc8
16.Ne5 Qc7 17.Ncd3 Bb7 18.Rdc1 Rfc8 19.Qd2 Qb6 20.Nc5 Qc7 21.f4 Nb6 22.bxa5 Bxc5
23.dxc5 Na4 24.Bd4 Rxa5 25.Rab1 Ra7 26.Rb4 Rca8 27.Qe3 Bc8 28.Rcb1 Ra5 29.Nd3 Nd7
30.Bh3 Nf8 31.Bg2 Ba6 32.Ne5 Bb5 33.Qd2 Qe7 34.Rc1 R5a7 35.Rxb5 cxb5 36.Nc6 Qc7
37.Nxa7 Rxa7 38.e4 Qc6 39.Qe3 Rd7 40.exd5 exd5 41.Qe8 Nb6 42.Bh3 Rc7 43.Qxc6 Rxc6
44.cxb6 Rxc1+  1-0

[Event "ch-Commonwealth"]
[Site "Delhi IND"]
[Date "2010.05.12"]
[Round "5"]
[White "Sriram,J"]
[Black "Bocharov,D"]
[Result "1-0"]
[WhiteElo "2507"]
[BlackElo "2592"]

1.d4 Nf6 2.c4 e6 3.Nf3 b6 4.g3 Ba6 5.Qa4 Bb7 6.Bg2 c5 7.dxc5 bxc5 8.O-O Be7
9.Nc3 O-O 10.Rd1 d6 11.Bf4 a6 12.Rd2 Qc7 13.Rad1 Rd8 14.e4 Nc6 15.h3 Nd4
16.Bg5 h6 17.Be3 e5 18.Nd5 Nxd5 19.cxd5 Bc8 20.Bxd4 cxd4 21.Rc2 Qb8 22.Ne1 Bd7
23.Qa3 Rc8 24.Rdc1 Rxc2 25.Rxc2 a5 26.Nd3 Bd8 27.Kh2 Bb6 28.h4 Qf8 29.f4 exf4
30.Nxf4 Re8 31.Qb3 Bc5 32.Qb7 Ba4 33.b3 Re7 34.Qa6 Ra7 35.Qd3 Be8 36.Ne2 a4
37.Nxd4 axb3 38.Nxb3 Bb6 39.Nd4 Ba4 40.Rb2 Bc5 41.Nc6 Ra8 42.Qc4 Bd1 43.Rb7 Kh8
44.Qf1 Bh5 45.a4 Qc8 46.Qb1 Kh7 47.Rb8 Rxb8 48.Qxb8 Qd7 49.Qd8 Qxd8 50.Nxd8 Be2
51.Nb7 Bb4 52.e5 Ba6 53.Nxd6 Kg8 54.Nf5 Bd3 55.Nd4 Bc3 56.Nc6 Kf8 57.d6 Bf5
58.Bh3 Bxh3 59.Kxh3 Ke8 60.a5 Kd7 61.Nb8+ Kc8 62.d7+  1-0

[Event "Municipality Cup"]
[Site "Tbilisi GEO"]
[Date "2010.05.23"]
[Round "9"]
[White "Eranyan,K"]
[Black "Qashashvili,A"]
[Result "1-0"]
[WhiteElo "2055"]
[BlackElo "2315"]

1.d4 Nf6 2.c4 e6 3.Nf3 b6 4.g3 Ba6 5.Qc2 Bb4+ 6.Bd2 Qe7 7.Bg2 c6 8.O-O O-O
9.Re1 d5 10.cxd5 exd5 11.Ne5 Bb7 12.Nc3 Nbd7 13.Nxd7 Qxd7 14.Rad1 Rad8 15.Bf4 h6
16.h3 Bd6 17.Bxd6 Qxd6 18.e4 dxe4 19.Nxe4 Nxe4 20.Qxe4 Rd7 21.h4 Qf6 22.Bh3 Rc7
23.Qe5 Qxe5 24.dxe5 c5 25.f4 f5 26.Rd6 Be4 27.Red1 Rfc8 28.Bg2 Bxg2 29.Kxg2 Kf7
30.Rd7+ Rxd7 31.Rxd7+ Ke6 32.Rxg7 Rd8 33.Rg6+ Ke7 34.Rxh6 Rd2+ 35.Kf3 Rxb2
36.Rh7+ Ke6 37.Rxa7  1-0

[Event "XXIX Open A"]
[Site "Zalakaros HUN"]
[Date "2010.05.28"]
[Round "3"]
[White "Zakharchenko,A"]
[Black "Nagy,Ga1"]
[Result "1/2-1/2"]
[WhiteElo "2209"]
[BlackElo "2338"]

1.d4 Nf6 2.c4 e6 3.Nf3 b6 4.g3 Ba6 5.b3 b5 6.cxb5 Bxb5 7.Bg2 d5 8.O-O Nbd7
9.Bf4 c5 10.Ne5 Rc8 11.dxc5 Bxc5 12.Nc3 Ba6 13.Na4 Ba3 14.Nd3 O-O 15.Bc1 Bxc1
16.Rxc1 Qa5 17.Qe1 Qxe1 18.Rfxe1 Bxd3 19.exd3 Nb6 20.Nxb6 axb6 21.a4 Rfd8
22.d4 Kf8 23.f3 Ng8 24.Kf2 Ne7 25.Ke3 Nc6 26.Kd3 Ke7 27.Rc3 Nb4+ 28.Kd2 Na2
29.Rxc8 Rxc8 30.Bf1 Nb4 31.Bd3 Kd6 32.f4 f6 33.h4 g6 34.Rh1 e5 35.fxe5+ fxe5
36.dxe5+ Kxe5 37.h5 Rf8 38.hxg6 hxg6 39.Bxg6 Rf3 40.g4 Kf6 41.Be8 d4 42.Rh6+ Ke7
43.Bb5 Rxb3 44.Rxb6 Rg3 45.a5 Rg2+ 46.Kc1 d3 47.Bxd3 Nxd3+ 48.Kd1 Ra2 49.a6 Nc5
50.Kc1 Nxa6 51.Kb1 Ra5 52.Kc2 Nc5  1/2-1/2

[Event "XXIX Open A"]
[Site "Zalakaros HUN"]
[Date "2010.05.28"]
[Round "3"]
[White "Berczes,D"]
[Black "Szabo,Ben"]
[Result "1-0"]
[WhiteElo "2519"]
[BlackElo "2316"]

1.d4 Nf6 2.c4 e6 3.Nf3 b6 4.g3 Ba6 5.Qc2 Bb7 6.Bg2 c5 7.d5 exd5 8.cxd5 Bxd5
9.Nc3 Bc6 10.e4 d6 11.Bf4 Be7 12.O-O-O Nh5 13.e5 Nxf4 14.gxf4 O-O 15.h4 f5
16.exf6 Bxf6 17.Ng5 g6 18.Nd5 Qc8 19.h5 Bxg5 20.fxg5 Qe8 21.Rde1  1-0

[Event "Rapid Open"]
[Site "Hustopece CZE"]
[Date "2010.06.05"]
[Round "6"]
[White "Polak,T"]
[Black "Petrik,T"]
[Result "1-0"]
[WhiteElo "2525"]
[BlackElo "2532"]

1.d4 Nf6 2.c4 e6 3.Nf3 b6 4.g3 Ba6 5.b3 Bb4+ 6.Bd2 Be7 7.Nc3 c6 8.e4 d5 9.e5 Ne4
10.Bd3 Nxc3 11.Bxc3 Bb7 12.Qc2 h6 13.O-O O-O 14.Rfd1 Nd7 15.cxd5 cxd5 16.Qe2 a5
17.Bb5 Nb8 18.Bb2 Ba6 19.Rdc1 Qd7 20.a4 Bxb5 21.Qxb5 Qxb5 22.axb5 Ra7 23.Ba3 Bxa3
24.Rxa3 Nd7 25.Ra2 Rfa8 26.Ne1 Kf8 27.Nd3 Ke7 28.Kf1 Kd8 29.Ke2 Rc8 30.Rxc8+ Kxc8
31.f4 Rc7 32.Kd2 f6 33.Ra1 f5 34.h3 g5 35.g4 fxg4 36.hxg4 gxf4 37.Nxf4 Nf8
38.Rh1 Rg7 39.Rxh6 Rxg4 40.Ke3 Rg3+ 41.Kf2 Rg8 42.Rf6 Kd7 43.Rf7+ Kc8 44.Re7 Kd8
45.Rb7 Nd7 46.Nxe6+ Ke7 47.Nf4 Rf8 48.Ke3 Rb8 49.Nxd5+ Ke6 50.Nf4+ Kf5 51.Rxd7 a4
52.Kf3 axb3 53.Rf7+ Kg5 54.Rg7+ Kh6 55.Rg1 Ra8 56.Rb1 Ra3 57.Ke4 Kg7 58.d5 Kf7
59.Kf5 Ra4 60.Rxb3 Rc4 61.Ra3 Rc5 62.Ra7+ Ke8 63.Ke6 Kf8 64.Ng6+ Kg8 65.Kf6 Rc6+
66.bxc6  1-0

[Event "14th Master Open"]
[Site "Voronezh RUS"]
[Date "2010.06.12"]
[Round "1"]
[White "Gorshkov,Yury"]
[Black "Shaposhnikov,E"]
[Result "0-1"]
[WhiteElo "2314"]
[BlackElo "2550"]

1.d4 Nf6 2.c4 e6 3.Nf3 b6 4.g3 Ba6 5.b3 d5 6.Bg2 dxc4 7.Ne5 Bb4+ 8.Kf1 Bd6
9.Nxc4 Nd5 10.e4 Ne7 11.Kg1 Bxc4 12.bxc4 Be5 13.Qa4+ Nbc6 14.Bb2 Bxd4 15.Bc3 O-O
16.Qc2 Nb4 17.Qe2 Nd3  0-1

[Event "14th Master Open"]
[Site "Voronezh RUS"]
[Date "2010.06.12"]
[Round "1"]
[White "Bukavshin,I"]
[Black "Polonovsky,E"]
[Result "1-0"]
[WhiteElo "2435"]
[BlackElo "2169"]

1.d4 Nf6 2.c4 e6 3.Nf3 b6 4.g3 Ba6 5.Bg2 Bxc4 6.Nc3 Bd5 7.Nxd5 exd5 8.O-O Be7
9.Nh4 g6 10.f3 Nh5 11.e4 Bxh4 12.gxh4 Qxh4 13.exd5 O-O 14.Bh6 Ng3 15.Bxf8 Nxf1
16.Ba3 Ne3 17.Qe2 Qxd4 18.Kh1 Na6 19.Qxa6 Nxg2 20.Kxg2 Qd2+ 21.Kh1 Re8 22.Qc4 h5
23.Bb4 Qf2 24.Rf1 Qxb2 25.Bc3 Qe2 26.Qxe2 Rxe2 27.Bf6 c5 28.dxc6 dxc6 29.Rd1 g5
30.Rg1 Rxa2 31.Rxg5+ Kh7 32.f4 Ra4 33.f5  1-0

[Event "TCh-SUI 2010"]
[Site "Switzerland SUI"]
[Date "2010.06.13"]
[Round "4.1"]
[White "Khenkin,I"]
[Black "Sermier,G"]
[Result "1-0"]
[WhiteElo "2590"]
[BlackElo "2402"]

1.d4 Nf6 2.c4 e6 3.Nf3 b6 4.g3 Ba6 5.Qa4 Bb7 6.Bg2 c5 7.dxc5 Bxc5 8.O-O O-O
9.Nc3 Be7 10.Rd1 a6 11.Bf4 d6 12.Rd2 Qc7 13.Rad1 e5 14.Bg5 Nbd7 15.Nh4 Bxg2
16.Nxg2 Rfc8 17.Ne3 Bf8 18.Bxf6 Nxf6 19.Ncd5 Nxd5 20.Nxd5 Qb7 21.Qb3 Rab8
22.Qd3 Rc5 23.a4 Qc8 24.b3 Qe6 25.e4 h5 26.Qf3 g6 27.Kg2 Kg7 28.h3 f6 29.g4 h4
30.Rd3 a5 31.Qe2 Rc6 32.Rf1 Be7 33.f4 exf4 34.Rxf4 Rf8 35.Rdf3 Bd8 36.Rf2 Qe5
37.Qe3 Rc5 38.R4f3 Re8 39.Nxf6 Bxf6 40.Rxf6 Qxf6 41.Rxf6 Kxf6 42.Qf4+ Ke7
43.g5 Re5 44.Qxh4 Kd8 45.Kf3 R8e6 46.Qf4 Kc7 47.h4 Kc6 48.Ke3 Re7 49.Kd3 R5e6
50.Qf8 Re8 51.Qf7 R8e7 52.Qf8 Re8 53.Qf3 R8e7 54.e5+ Kc7 55.exd6+ Rxd6+ 56.Kc3 Rde6
57.Qf4+ Kb7 58.Kb2 Rc6 59.Ka3 Ka7 60.Qd2 Rec7 61.Qd5 Rc5 62.Qe4 R5c6 63.Kb2 Rd6
64.Kc3 Rdc6 65.b4 axb4+ 66.Kxb4 Rc5 67.Kb3 R5c6 68.Qd3 Re6 69.Qd5 Rec6 70.a5 bxa5
71.Qxa5+ Kb7 72.Qd5 Ka7 73.Kb4 Rb6+ 74.Kc3 Rbc6 75.Kd4 Kb7 76.c5 Ka6 77.Kc4 Rc8
78.Kb4 Rb8+ 79.Kc4 Rbc8 80.Kb4 Rb8+ 81.Ka4 Rbc8 82.Qc4+ Kb7 83.Kb5 Ka7 84.Qd5 R6c7
85.c6  1-0

[Event "Open"]
[Site "Teplice CZE"]
[Date "2010.06.18"]
[Round "7"]
[White "Chmelik,J"]
[Black "Roesemann,R"]
[Result "0-1"]
[WhiteElo "2096"]
[BlackElo "2251"]

1.d4 Nf6 2.c4 e6 3.Nf3 b6 4.g3 Ba6 5.Qc2 c5 6.dxc5 Bxc5 7.Bg2 Nc6 8.O-O O-O
9.a3 Rc8 10.Qa4 Bb7 11.b4 Be7 12.Bb2 a5 13.b5 Nb8 14.Nbd2 Qc7 15.Rac1 d6
16.Nd4 Bxg2 17.Kxg2 Qb7+ 18.Kg1 Ne4 19.Nxe4 Qxe4 20.Qc2 Qxc2 21.Rxc2 Rc7
22.Rfc1 Rfc8 23.Kf1 Bf6 24.Ke1 Kf8 25.Kd2 Bxd4 26.Bxd4 Nd7 27.g4 f6 28.h4 Ke7
29.f3 e5 30.Be3 g6 31.Kd3 Ke6 32.Rg1 e4+ 33.Kxe4 Rxc4+ 34.Rxc4 Rxc4+ 35.Kd3 Ne5+
36.Kd2 Ra4 37.Ra1 Nc4+ 38.Kd3 Nxe3 39.Kxe3 h5 40.gxh5 gxh5 41.Kd3 Rxh4 42.Rc1 Ra4
43.Rc6 Rxa3+ 44.Kd2 Rb3 45.Rxb6 Kd5 46.Kc2 Kc5 47.Rc6+ Kxb5 48.Rxd6 Re3 49.Kd2 Re5
50.Rxf6 a4 51.e4 a3 52.Kc3 Ka4 53.Ra6+ Ra5 54.Rg6 Rc5+ 55.Kd4 Rc1 56.f4 a2
57.Ra6+ Kb3 58.f5 Rc4+  0-1

[Event "4th Open"]
[Site "Varna BUL"]
[Date "2010.06.18"]
[Round "7"]
[White "Aliyev,Elnur"]
[Black "Dimitrov,R"]
[Result "0-1"]
[WhiteElo "2152"]
[BlackElo "2393"]

1.d4 Nf6 2.Nf3 e6 3.c4 b6 4.g3 Ba6 5.b3 Bb4+ 6.Bd2 Be7 7.Bg2 c6 8.Bc3 d5
9.Ne5 Nfd7 10.Nxd7 Nxd7 11.Nd2 O-O 12.O-O Rc8 13.e4 dxc4 14.bxc4 b5 15.Re1 bxc4
16.Bf1 c5 17.d5 exd5 18.exd5 Bf6 19.Rc1 Bxc3 20.Rxc3 Nb6 21.Ra3 Bb5 22.Rxa7 Qxd5
23.Ne4 Bc6 24.Qxd5 Bxd5 25.Nd6 Ra8 26.Rxa8 Rxa8 27.Nb5 Be6 28.Nc7 Ra7 29.Nxe6 fxe6
30.Rxe6 c3 31.Re5 Ra5 32.Re3 Ra3 33.Re2 Nd5 34.Re1 Kf8 35.Bc4 Nb6 36.Be6 h6
37.Bf5 Kf7 38.h4 g6 39.Bb1 Nc4 40.Be4 Kf6 41.Bd5 Nd2 42.Kg2 c4 43.Rc1 Ke5
44.Bf7 g5 45.hxg5 hxg5 46.Rc2 Kd4 47.Bg6 Ra6 48.Bh7 Rf6 49.g4 Rf4 50.Kg3 Ne4+
51.Kg2 Kd3 52.Rc1 Kd2 53.Rf1 Rxg4+ 54.Kf3 Rf4+ 55.Kg2 c2 56.f3 c1=Q 57.Rxc1 Kxc1  0-1